Biomedical Photoacoustic Imaging and Sensing Using Affordable Resources (Record no. 25003)

MARC details
000 -LEADER
fixed length control field 01390nam a2200133Ia 4500
008 - FIXED-LENGTH DATA ELEMENTS--GENERAL INFORMATION
fixed length control field 220620s9999||||xx |||||||||||||| ||und||
020 ## - INTERNATIONAL STANDARD BOOK NUMBER
International Standard Book Number 9783040000000
245 #0 - TITLE STATEMENT
Title Biomedical Photoacoustic Imaging and Sensing Using Affordable Resources
546 ## - LANGUAGE NOTE
Language note English[eng]
650 ## - SUBJECT ADDED ENTRY--TOPICAL TERM
Topical term or geographic name entry element photoacoustic microscopy||ultrasonic transducer||optical-resolution photoacoustic microscopy||transparent ultrasound transducer||ultrasound stimulation||photoacoustic||LED||clinic||optical imaging||tomography||ultrasound||small animal||liver||fibrosis||optoacoustic||spectral imaging||blind source separation||unsupervised unmixing||photoacoustic imaging||3-D printed photoacoustic probe holder||light delivery optimization||LED divergence||illumination scheme||in vivo||mouse||Monte Carlo||linear array||tumor imaging||LED-based photoacoustic imaging||hair follicles||FUE||FUT||photoacoustic computed tomography||light-emitting diodes||laser diodes||oxygen saturation imaging||photoacoustics||fluence compensation||hypoxia||deep tissue imaging||hemangioma||laser||light-emitting diodes (LED)||mobile health||peripheral arterial disease||stroke||vascular malformations||signal enhancement||pre-illumination||photo-thermal effect||heat capacity||remote sensing||endoscopy||speckle||n/a
700 ## - ADDED ENTRY--PERSONAL NAME
Personal name Ajith Singh, Mithun Kuniyil||Xia, Wenfeng
856 ## - ELECTRONIC LOCATION AND ACCESS
Uniform Resource Identifier <a href="https://mdpi.com/books/pdfview/book/3736">https://mdpi.com/books/pdfview/book/3736</a>
942 ## - ADDED ENTRY ELEMENTS (KOHA)
Koha item type E-Books
Holdings
Withdrawn status Lost status Damaged status Not for loan Home library Current library Date acquired Total Checkouts Date last seen Price effective from Koha item type
        Kerala University of Digital Sciences, Innovation and Technology Knowledge Centre Kerala University of Digital Sciences, Innovation and Technology Knowledge Centre 20/06/2022   20/06/2022 20/06/2022 E-Books